ENGINEERING FUNDAMENTALS OF INTERNAL COMBUSTION / (Record no. 587213)

000 -LEADER
fixed length control field 00383nam a22001457a 4500
020 ## - INTERNATIONAL STANDARD BOOK NUMBER
Qualifying information PB.
040 ## - CATALOGING SOURCE
Transcribing agency FIZZA ISHAQ
082 ## - DEWEY DECIMAL CLASSIFICATION NUMBER
Classification number 621.43
Author Mark WIL
100 ## - MAIN ENTRY--PERSONAL NAME
Personal name RABEK, PALK W. WILLAD.
9 (RLIN) 86031
245 ## - TITLE STATEMENT
Title ENGINEERING FUNDAMENTALS OF INTERNAL COMBUSTION /
Statement of responsibility, etc. WILLAD W. RABEK PALK.
250 ## - EDITION STATEMENT
Edition statement 2nd ED.
260 ## - PUBLICATION, DISTRIBUTION, ETC.
Place of publication, distribution, etc. DEHLI :
Name of publisher, distributor, etc. PEARSON,
Date of publication, distribution, etc. 2015.
300 ## - PHYSICAL DESCRIPTION
Extent 485 P. ;
942 ## - ADDED ENTRY ELEMENTS (KOHA)
Source of classification or shelving scheme
Koha item type Book
Holdings
Withdrawn status Lost status Source of classification or shelving scheme Damaged status Not for loan Permanent Location Current Location Date acquired Total Checkouts Full call number Date last seen Copy number Price effective from Koha item type
          NUST Baluchistan Campus (NBC) NUST Baluchistan Campus (NBC) 12/08/2021   621.43 WIL 12/08/2021 Q-2124 12/08/2021 Book
© 2023 Central Library, National University of Sciences and Technology. All Rights Reserved.